Capital City or Major City: North America Quiz Stats

 Plays Quiz Updated Jul 3, 2018

Also try: US Capitals
Challenge
Share
Tweet
Embed
Score 0/23 Timer 05:00
15 Plays Today
Question Answer % Correct
????
98.2%
????
97.3%
????
95%
????
94.8%
????
94.5%
????
94.1%
????
92.7%
????
92.6%
????
92.2%
????
92.1%
????
88.5%
????
86.7%
Question Answer % Correct
????
84.6%
????
83.1%
????
83%
????
81.8%
????
81.6%
????
78.9%
????
75.9%
????
64.7%
????
55.8%
????
55.2%
????
34.9%

You're not logged in!

Compare scores with friends on all Sporcle quizzes.
Join for Free
OR
Log In

You Might Also Like...

Show Comments

Extras

Top Quizzes Today


Score Distribution

Your Account Isn't Verified!

In order to create a playlist on Sporcle, you need to verify the email address you used during registration. Go to your Sporcle Settings to finish the process.

Report this User

Report this user for behavior that violates our Community Guidelines.

Details: